000 00940nam a22002537a 4500
005 20170124103014.0
010 _aB-080230
020 _c125.00
_a8188014249
035 _aB-080230
037 _bCen Lib/Ret
040 _aDPL
_bHN
082 _a
_bयात्रीसे
100 _aयात्री, से. रा.
_958339
245 _aराग पर्व /
_cसे.रा. यात्री
246 _aRaag parav /
_bby Se Raa Yatri
260 _aदिल्ली
_bअखिल भारती
_c2003
270 _bदिल्ली
_a3014, चर्खेवालान
_e110006
300 _a112पृ.
_c21सेमी (सजिल्द)
650 _aहिन्दी साहित्य
_958340
650 _aकहानी संग्रह
_958341
650 _aHindi literature
_958342
650 _aStory collection
_958343
942 _2ddc
_cHN
_h
_mयात्रीसे
999 _c114787
_d114787